000 00933am a2200325a 44500
003 AR-BaBNM
005 20251128210136.0
008 199019s1995 #AR|||||||||||000 | spa||
040 _cAR-BaBNM
100 1 _aMolina, Victor
245 1 0 _aEspecialización en docencia universitaria
_bel aprendizaje en la universidad
_n2
250 _a1ª ed.
260 _aMendoza
_bEDIUNC
_c1995
300 _a247 p.
490 0 _aManuales
_vv. 11
500 _aEDIUNC: Editorial de la Universidad Nacional de Cuyo
504 _aContiene bibliografía p. 237-240
650 4 _aUNIVERSIDADES
650 4 _aDOCENCIA
650 4 _aESTUDIOS DE POSTGRADO
650 4 _aAPRENDIZAJE
650 4 _aTEORIAS DEL APRENDIZAJE
650 4 _aPROCESO DE APRENDIZAJE
650 4 _aTECNOLOGIA
650 4 _aENSEÑANZA POR MULTIMEDIOS
653 _aEDUCACION SUPERIOR
700 1 _aPrieto Castillo, Daniel
942 _cBK
998 _cRaquel
999 _c14229
_d14229